Sinclair Lewis Bibliography - Statistics

General Stats
  • This quiz has been taken 4 times
  • The average score is 11 of 127
Answer Stats
Type Year Name % Correct
Novel 1925 Arrowsmith
100%
Novel 1922 Babbitt
100%
Novel 1935 It Can't Happen Here
100%
Play 1936 It Can't Happen Here
100%
Novel 1920 Main Street: The Story of Carol Kennicott
100%
Novel 1927 Elmer Gantry
75%
Novel 1929 Dodsworth
50%
Short Story 1917 The Innocents
50%
Novel 1917 The Innocents: A Story for Lovers
50%
Novel 1933 Ann Vickers
25%
Novel 1940 Bethel Merriday
25%
Novel 1919 Free Air
25%
Novel 1943 Harri
25%
Novel 1912 Hike and the Aeroplane
25%
Novel 1947 Kingsblood Royal
25%
Novel 1926 Mantrap
25%
Novel 1914 Our Mr. Wrenn: The Romantic Adventures of a Gentle Man
25%
Short Story 1917 The Ghost Patrol
25%
Novel 1949 The God-Seeker
25%
Novel 1917 The Job: An American Novel
25%
Novel 1915 The Trail of the Hawk: A Comedy of the Seriousness of Life
25%
Novel 1934 Work of Art
25%
Novel 1951 World So Wide
25%
Poem 1912 A Canticle of Great Lovers
0%
Article 1919 Adventures in Autobumming: Gasoline Gypsies
0%
Article 1920 Adventures in Autobumming: The Great American Frying Pan
0%
Article 1919 Adventures in Autobumming: Want a Lift?
0%
Short Story 1929 A Letter from the Queen
0%
Short Story 1943 All Wives Are Angels
0%
Short Story 1921 A Matter of Business
0%
Play 1938 Angela Is Twenty-Two
0%
Short Story 1918 An Invitation to Tea
0%
Short Story 1918 A Rose for Little Eva
0%
Short Story 1907 Art and the Woman
0%
Writings Collection 1953 A Sinclair Lewis Reader: Selected Essays and Other Writings, 1904-1950
0%
Short Story 1917 A Story with a Happy Ending
0%
Short Story 1917 A Woman by Candlelight
0%
Short Story 1919 Bronze Bars
0%
Novel 1945 Cass Timberlane: A Novel of Husbands and Wives
0%
Non-Fiction Book 1929 Cheap and Contended Labor: The Picture of a Southern Mill Town in 1929
0%
Short Story 1931 City of Mercy
0%
Short Story 1915 Commutation: $9.17
0%
Short Story 1919 Danger - Run Slow
0%
Short Story 1929 Dear Editor
0%
Poem 1907 Dim Hours of Dusk
0%
Poem 1907 Disillusion
0%
Short Story 1931 Dollar Chasers
0%
Short Story 1929 Elizabeth, Kitty and Jane
0%
Article 1917 For the Zelda Bunch
0%
Letter Collection 1952 From Main Street to Stockholm: Letters of Sinclair Lewis, 1919-1930
0%
Short Story 1936 From the Queen
0%
Short Story 1918 Getting His Bit
0%
Novel 1943 Gideon Planish
0%
Short Story 1918 Gladvertising
0%
Short Story 1930 Go East, Young Man
0%
Short Story Collection 2005 Go East, Young Man: Sinclair Lewis on Class in America
0%
Short Story 1943 Green Eyes - A Handbook of Jealousy
0%
Short Story 1920 Habeas Corpus
0%
Short Story 1929 He Had a Brother
0%
Short Story 1916 He Loved His Country
0%
Foreword 1942 Henry Ward Beecher: An American Portrait
0%
Short Story 1917 Hobohemia
0%
Play 1919 Hobohemia
0%
Short Story 1916 Honestly If Possible
0%
Short Story 1916 If I Were Boss
0%
Short Story Collection 1997 If I Were Boss: The Early Business Stories of Sinclair Lewis
0%
Short Story 1916 I'm a Stranger Here Myself
0%
Short Story Collection 1962 I'm a Stranger Here Myself and Other Stories
0%
Play 1934 Jayhawker: A Play in Three Acts
0%
Short Story 1918 Jazz
0%
Short Story 1917 Joy-Joy
0%
Short Story 1929 Keep Out of the Kitchen
0%
Short Story 1931 Land
0%
Short Story 1931 Let's Play King
0%
Short Story 1930 Little Bear Bongo
0%
Short Story 1941 Manhattan Madness
0%
Novel 1926 Manhattan Transfer
0%
Diary 2000 Minnesota Diary, 1942-46
0%
Short Story 1919 Moths in the Arc Light
0%
Article 1915 Nature, Inc.
0%
Short Story 1930 Noble Experiment
0%
Short Story 1943 Nobody to Write About
0%
Short Story 1921 Number Seven to Sagapoose
0%
Short Story 1935 Onward, Sons of Ingersoll!
0%
Short Story 1931 Pajamas
0%
Short Story 1935 Proper Gander
0%
Short Story 1931 Ring Around a Rosy
0%
Letter Collection 1985 Selected Letters of Sinclair Lewis
0%
Short Story Collection 1935 Selected Short Stories of Sinclair Lewis
0%
Essay Collection 1962 Sinclair Lewis: A Collection of Critical Essays
0%
Short Story 1918 Slip It to 'Em
0%
Short Story 1919 Speed
0%
Article 1918 Spiritualist Vaudeville
0%
Screenplay 1943 Storm Is the West
0%
Poem 1909 Summer in Winter
0%
Non-Fiction Book 1915 Tennis as I Play It
0%
Short Story 1907 That Passage in Isaiah
0%
Short Story 1919 The Cat of the Stars
0%
Short Story 1919 The Enchanted Hour
0%
Short Story 1920 The Good Sport
0%
Short Story 1923 The Hack Driver
0%
Short Story 1917 The Hidden People
0%
Short Story 1935 The Hippocratic Oath
0%
Short Story 1941 The Man Who Cheated Time
0%
Novel 1928 The Man Who Knew Coolidge: Being the Soul of Lowell Schmaltz, Constructive and Nordic Citizen
0%
Short Story Collection 2005 The Minnesota Stories of Sinclair Lewis
0%
Short Story 1915 The Other Side of the House
0%
Short Story 1921 The Post-Mortem Murder
0%
Novel 1938 The Prodigal Parents
0%
Short Story 1929 There Was a Prince
0%
Short Story 1918 The Shadowy Glass
0%
Short Story Collection 2007 The Short Stories of Sinclair Lewis
0%
Short Story 1919 The Shrimp-Colored Blouse
0%
Short Story 1919 The Shrinking Violet
0%
Short Story 1918 The Swept Hearth
0%
Poem 1907 The Ultra-Modern
0%
Short Story 1919 The Watcher Across the Road
0%
Short Story 1911 The Way to Rome
0%
Short Story 1917 The Whisperer
0%
Short Story 1918 The Willow Walk
0%
Short Story 1941 They Had Magic Then!
0%
Short Story 1919 Things
0%
Short Story 1917 Twenty-Four Hours in June
0%
Short Story 1920 Way I See It
0%
Short Story 1929 What a Man!
0%
Short Story 1917 Young Man Axelbrod
0%
Short Story 1930 Youth
0%
No matching quizzes found
Score Distribution
Percent of People with Each Score
Percentile by Number Answered
Your Score History
You have not taken this quiz